Country Flags That Contain the Color Blue - Statistics

General Stats
  • This quiz has been taken 455 times
    431 since last reset
  • The average score is 71 of 99
Answer Stats
Countries % Correct
United Kingdom
93%
France
92%
United States
92%
Australia
91%
Russia
89%
Argentina
86%
Finland
86%
New Zealand
86%
Sweden
86%
Iceland
84%
Norway
84%
Greece
83%
Slovenia
82%
Luxembourg
81%
Slovakia
81%
Estonia
80%
Netherlands
80%
Brazil
79%
Chile
79%
Fiji
79%
Kazakhstan
79%
Panama
79%
Romania
79%
Somalia
79%
Uruguay
79%
Andorra
78%
Costa Rica
78%
Dominican Republic
78%
South Africa
78%
South Korea
78%
Venezuela
78%
Colombia
77%
Ukraine
77%
Chad
76%
Cuba
76%
Ecuador
76%
Honduras
76%
Nicaragua
76%
Palau
76%
Serbia
76%
Thailand
76%
Croatia
75%
Haiti
75%
North Korea
75%
Bahamas
74%
Cambodia
74%
El Salvador
74%
Laos
74%
Czech Republic
73%
Israel
73%
Paraguay
73%
Armenia
72%
Belize
72%
Tuvalu
72%
Barbados
71%
Bosnia and Herzegovina
71%
Guatemala
71%
Uzbekistan
71%
Azerbaijan
70%
Botswana
70%
San Marino
70%
Liechtenstein
69%
Marshall Islands
69%
Moldova
69%
Mongolia
69%
Saint Lucia
69%
Kosovo
68%
F.S. of Micronesia
67%
Nauru
67%
Samoa
67%
Liberia
66%
Seychelles
66%
Djibouti
65%
Kiribati
65%
Antigua and Barbuda
64%
Nepal
64%
Philippines
64%
Solomon Islands
63%
Ethiopia
62%
Gabon
62%
Rwanda
62%
Central African Republic
61%
Eritrea
61%
Lesotho
61%
Namibia
61%
Taiwan
61%
Tanzania
61%
Cape Verde
60%
Saint Vincent and the Grenadines
60%
South Sudan
60%
Comoros
59%
The Gambia
58%
India
56%
Mauritius
56%
Sierra Leone
56%
Equatorial Guinea
55%
Portugal
52%
The Democratic Republic of Congo
52%
Swaziland
41%
No matching quizzes found
Score Distribution
Percent of People with Each Score
Percentile by Number Answered
Your Score History
You have not taken this quiz since the last reset